• 首页
  • 本馆介绍
  • 公告通知
  • 最新文献
  • 馆藏检索
  • 电子资源
  • 读者导购
  • 参考咨询
  • 我的图书馆
  • 登录
  • 详细信息显示
  • 放入我的书架
  • 预约/预借图书
  • 作者相关作品
  • 分类相关作品
  • 丛书相关作品
  • 出版社相关作品

书目信息

  • 表格格式
  • 工作单格式
  • 卡片格式
题名:
宛转娥眉 杨玉环
    
 
作者: 王德英 编著
分册:  
出版信息: 长春   吉林文史出版社  2018重印
页数: 136页
开本: 22cm
丛书名: 中国文化知识读本
单 册:
中图分类: K828.5=422
科图分类:
主题词: 女性--nu^ xing--传记--中国--唐代
电子资源:
ISBN: 978-7-5463-5011-0
000 01026nam 2200289 45
001 012001009662
005 20140103103356.0
010    @a978-7-5463-5011-0@dCNY34.80
092    @aCN@bSK1124-1407
099    @aCAL 012011337708
100    @a20110913d2011 em y0chiy50 ea
101 0  @achi
102    @aCN@b220000
105    @aac z 000yb
106    @ar
200 1  @a宛转娥眉 杨玉环@Awan zhuan e mei yang yu huan@f王德英编著
210    @a长春@c吉林文史出版社@d2018重印
215    @a136页@c图, 肖像@d22cm
225 2  @a中国文化知识读本@Azhong guo wen hua zhi shi du ben@i中国古代才子佳人
330    @a本书主要内容包括:丽质天成皇子倾心;成凤枝头万千宠爱;争风吃醋贵妃出宫;养虎为患祸起萧墙;马嵬身死长恨有情。
410  0 @12001@a中国文化知识读本@i中国古代才子佳人
600  0 @a杨贵妃,@Ayang gui fei@f719-756@x传记
606 0  @a女性@Anu^ xing@x传记@y中国@z唐代
690    @aK828.5=422@v5
701  0 @a王德英@Awang de ying@4编著
801  2 @aCN@b上海新华@c20191020
905    @b1189038-41@dK828.5=422@e105@f4
    
    宛转娥眉 杨玉环/王德英编著.-长春:吉林文史出版社,2018重印
    136页:图, 肖像;22cm.-(中国文化知识读本.中国古代才子佳人)
    
    
    ISBN 978-7-5463-5011-0:CNY34.80
    本书主要内容包括:丽质天成皇子倾心;成凤枝头万千宠爱;争风吃醋贵妃出宫;养虎为患祸起萧墙;马嵬身死长恨有情。
●
相关链接 在E读中查询图书 在五车中查询图书 在当当中查询图书 在豆瓣中查询图书


正题名:宛转娥眉 杨玉环     索取号:K828.5=422/105         预约/预借

序号 登录号 条形码 馆藏地/架位号 状态 备注
1 1189038   211890382   第二样本阅览室/ [索取号:K828.5=422/105] 在馆    
2 1189039   211890391   第二借阅区/ [索取号:K828.5=422/105] 在馆    
3 1189040   211890408   第二借阅区/ [索取号:K828.5=422/105] 在馆    
4 1189041   211890417   第二借阅区/ [索取号:K828.5=422/105] 在馆    
唐山师范学院图书馆 欢迎您!
大连网信软件有限公司© 版权所有